书目信息 |
| 题名: |
诗学
|
|
| 作者: | 方丹 著 ;陈静 译 | |
| 分册: | ||
| 出版信息: | 天津 天津人民出版社 2003 |
|
| 页数: | 141页 | |
| 开本: | 18cm | |
| 丛书名: | 法国大学128丛书 | |
| 单 册: | ||
| 中图分类: | I052 | |
| 科图分类: | ||
| 主题词: | 诗歌--文学理论 | |
| 电子资源: | ||
| ISBN: | 7-201-04278-5 | |
| 000 | 00937oam2 2200277 450 | |
| 001 | 05002363947 | |
| 005 | 20051008102741.87 | |
| 010 | @a7-201-04278-5@dCNY12.80 | |
| 100 | @a20050122d2003 ekmy0chiy0120 ea | |
| 101 | 1 | @achi@cfre |
| 102 | @aCN@b120000 | |
| 105 | @ay z 000yy | |
| 200 | 1 | @a诗学@9shi xue@e文学形式通论@f(法)达维德·方丹著@F(fa)da wei de·fang dan zhu@g陈静译 |
| 210 | @a天津@c天津人民出版社@d2003 | |
| 215 | @a141页@d18cm | |
| 225 | 2 | @a法国大学128丛书@h第一辑@f徐伟民,张智庭主编 |
| 330 | @a本书分五个部分,内容设计当今西方人文社会科学中文学形式的介绍,包括摹仿诗学、表达诗学、叙事文之语法、虚构和诗歌、诗歌语言等。 | |
| 410 | 0 | @12001 @a法国大学128丛书 |
| 517 | 1 | @a文学形式通论@9wen xue xing shi tong lun |
| 606 | 0 | @a诗歌@x文学理论 |
| 690 | @aI052@v4 | |
| 701 | 0 | @a方丹@Afang dan@4著 |
| 702 | 0 | @a陈静@Achen jing@4译 |
| 801 | 0 | @aCN@bTSSF@c20051008 |
| 905 | @a10447@dI052@e122 | |
| 999 | @aHSJ | |
| 诗学:文学形式通论/(法)达维德·方丹著/陈静译.-天津:天津人民出版社,2003 |
| 141页;18cm.-(法国大学128丛书.第一辑/徐伟民,张智庭主编) |
| ISBN 7-201-04278-5:CNY12.80 |
| 本书分五个部分,内容设计当今西方人文社会科学中文学形式的介绍,包括摹仿诗学、表达诗学、叙事文之语法、虚构和诗歌、诗歌语言等。 |
| ● |
| 相关链接 |
|
|
|
|
正题名:诗学
索取号:I052/122
 
预约/预借
| 序号 | 登录号 | 条形码 | 馆藏地/架位号 | 状态 | 备注 |
| 1 | 0364299 | 3642990 | 第一样本阅览室/ [索取号:I052/122] | 在馆 | |
| 2 | 0364300 | 3643007 | 第二借阅区/ [索取号:I052/122] | 在馆 | |
| 3 | 0364301 | 3643016 | 第二借阅区/ [索取号:I052/122] | 在馆 | |
| 4 | 0364302 | 3643025 | 第二借阅区/ [索取号:I052/122] | 在馆 | |
| 5 | 0364303 | 3643034 | 第二借阅区/ [索取号:I052/122] | 在馆 | |
| 6 | 0364304 | 3643043 | 第二借阅区/ [索取号:I052/122] | 在馆 | |
| 7 | 0364305 | 3643052 | 第二借阅区/ [索取号:I052/122] | 在馆 | |
| 8 | 0364306 | 3643061 | 第二借阅区/ [索取号:I052/122] | 在馆 | |
| 9 | 0364307 | 3643070 | 第二借阅区/ [索取号:I052/122] | 在馆 | |
| 10 | 0364308 | 3643089 | 第二借阅区/ [索取号:I052/122] | 在馆 |